Statistiken für Kürzlich unabhängig gewordene Staaten

Klicken Sie hier um das Quiz zu spielen!

Allgemein

  • Dieses Quiz wurde 2,361 mal gespielt
  • Das Durchschnittsergebnis liegt bei 25 aus 30

Antwortstatistiken

Land % Korrekt
Slowakei
97%
Kroatien
96%
Tschechien
96%
Serbien
96%
Südsudan
95%
Ukraine
95%
Kosovo
94%
Bosnien und
Herzegowina
94%
Montenegro
93%
Kasachstan
93%
Weißrussland
93%
Litauen
92%
Lettland
92%
Estland
92%
Nordmazedonien
91%
Slowenien
91%
Georgien
89%
Usbekistan
88%
Armenien
87%
Kirgisistan
86%
Turkmenistan
86%
Aserbaidschan
86%
Tadschikistan
85%
Moldawien
80%
Eritrea
78%
Osttimor
73%
Russland
69%
Namibia
53%
Jemen
15%
Palau
12%

Verteilung der Resultate

Perzentil nach korrekt beantworteten Fragen

Anzahl Personen mit jedem Resultat

Ihre Resultats-Entwicklung

Sie haben dieses Quiz noch nicht gespielt